[Event "ch-Arab w"]
[Site "Dubai UAE"]
[Date "2005.09.15"]
[Round "4"]
[White "Al Rufei,EH"]
[Black "Mouradian,K"]
[Result "1/2-1/2"]
[WhiteElo "2104"]
[BlackElo "2146"]

1.e4 c5 2.Nf3 d6 3.d4 cxd4 4.Nxd4 Nf6 5.Nc3 a6 6.g3 e5 7.Nde2 b5 8.Bg2 Bb7
9.O-O Nbd7 10.a3 Be7 11.Re1 O-O 12.Bg5 h6 13.Bxf6 Nxf6 14.Qd3 Rc8 15.h3 Nd7
16.Rad1 Qc7 17.h4 Nb6 18.Qe3 Nc4 19.Qc1 Qa5 20.Rf1 b4 21.Nd5 Bxd5 22.Rxd5 Qb6
23.axb4 Qxb4 24.b3 Nb6 25.Rd3 a5 26.Qd2 Qxd2 27.Rxd2 a4 28.bxa4 Nxa4 29.Rb1 Rc4
30.Rb7 Re8 31.f3 Bf8 32.Bh3 Ra8 33.Kf2 Nc5 34.Rb2 Ne6 35.Bf1 Rc5 36.c3 Nc7
37.Ra2 Rxa2 38.Rxa2 d5 39.exd5 Nxd5 40.Rc2 Rc7 41.Nc1 Nb4 42.Rd2 Rxc3 43.Na2 Nxa2
44.Rxa2 g6 45.Bb5 Bc5+ 46.Kg2 Bd4 47.Bd7 Kf8 48.Ba4 Rc1 49.Rc2 Rg1+ 50.Kh2 Ra1
51.Bc6 Ke7 52.Bd5 Rd1 53.Kg2 f5 54.Re2 Kd6 55.Bf7 g5 56.hxg5 hxg5 57.Bg6 Rg1+
58.Kh2 Ke6 59.Be8 e4 60.fxe4 f4 61.gxf4 gxf4 62.Bh5 Rg3 63.Rg2 Re3 64.Re2 Rc3
65.Re1 Ke5 66.Kg2 Rg3+ 67.Kh2 Be3 68.Be8 Kxe4 69.Bc6+ Kf5 70.Rf1 Kg4 71.Bd7+ Kh4
72.Bc6 Rg6 73.Bf3 Rb6 74.Bg2 Rb2 75.Rf3 Kg4 76.Rf1 Bf2 77.Bh3+ Kh4 78.Bg2 Kg4
79.Bh3+ Kf3 80.Bg2+ Ke2 81.Ra1 f3 82.Bf1+ Ke3 83.Ra3+ Kf4 84.Kh3 Rb8 85.Ra4+ Ke5
86.Kg4 Rf8 87.Ra3 Rf4+ 88.Kg5 Rf8 89.Kg4 Ke4 90.Bd3+ Kd4 91.Bb5 Be3 92.Bf1 Ke4
93.Bd3+ Ke5 94.Bf1 Ke4 95.Bd3+ Ke5 96.Bf1  1/2-1/2

[Event "EYb18"]
[Site "Herceg Novi SCG"]
[Date "2005.09.16"]
[Round "3"]
[White "Stopa,Ja"]
[Black "Movsisian,V"]
[Result "1/2-1/2"]
[WhiteElo "2460"]
[BlackElo "2233"]

1.e4 c5 2.Nf3 d6 3.d4 cxd4 4.Nxd4 Nf6 5.Nc3 a6 6.g3 e5 7.Nde2 Be6 8.Bg2 Be7
9.O-O Qd7 10.Bg5 h6 11.Bxf6 Bxf6 12.Qd2 O-O 13.Rad1 Rd8 14.Qe3 Qc7 15.a3 Nd7
16.Rd2 Nb6 17.b3 Qc5 18.Rfd1 Qxe3 19.fxe3 Be7 20.a4 Rac8 21.h3 Rc5 22.Nd5 Nxd5
23.exd5 Bf5 24.c3 h5 25.Kf2 g5 26.Rc1 Rdc8 27.Ke1 Bf8 28.Ra2 Bh6 29.Kd2 Kg7
30.c4 g4 31.h4 b5 32.cxb5 axb5 33.Rxc5 Rxc5 34.a5 b4 35.a6 Rc8 36.a7 Ra8
37.Nc1 Bd7 38.Nd3 f5 39.Ra5 f4 40.exf4 exf4 41.Nxf4 Kf6 42.Ke3 Ke7 43.Ke4 Kd8
44.Nxh5 Kc7 45.Nf6 Kb6 46.Ra2 Bc8 47.Ra4 Bd2 48.Bf1 Be1 49.Be2 Bb7 50.Bxg4 Kc7
51.h5 Bc3 52.Nd7 Re8+ 53.Be6 Rxe6+ 54.Kd3 Re8 55.Nb8 Bxd5 56.Na6+ Kb7 57.Nxb4 Bxb4
58.Rxb4+ Kc7 59.g4 Rg8 60.Ke3 Be6  1/2-1/2

[Event "Belgrade Premier League"]
[Site "Belgrade SCG"]
[Date "2005.10.03"]
[Round "3"]
[White "Popovic,Al"]
[Black "Paunovic,T"]
[Result "1-0"]
[WhiteElo "2045"]
[BlackElo "2358"]

1.e4 c5 2.Nf3 d6 3.d4 cxd4 4.Nxd4 Nf6 5.Nc3 a6 6.g3 e5 7.Nde2 Be7 8.a4 b6
9.Bg2 Bb7 10.h3 Nbd7 11.g4 Nc5 12.Ng3 g6 13.g5 Nfd7 14.h4 Ne6 15.Nd5 Bxd5
16.exd5 Nf4 17.Bxf4 exf4 18.Ne2 h6 19.Nd4 Ne5 20.Nc6 Nxc6 21.dxc6 hxg5 22.c7 Qc8
23.a5 b5 24.Bc6+ Kf8 25.Bxa8 Qxa8 26.Qd4 f6 27.O-O-O Kf7 28.Rhe1 Rc8 29.Rxe7+ Kxe7
30.Qxd6+ Kf7 31.Qd7+ Kf8 32.Qxc8+  1-0

[Event "Belgrade Premier League"]
[Site "Belgrade SCG"]
[Date "2005.10.07"]
[Round "7"]
[White "Marinkovic,Sl"]
[Black "Pjevovic,B"]
[Result "1/2-1/2"]
[WhiteElo "2409"]
[BlackElo "2265"]

1.e4 c5 2.Nf3 d6 3.d4 cxd4 4.Nxd4 Nf6 5.Nc3 a6 6.g3 e5 7.Nb3 Be7 8.Bg2 O-O
9.O-O Be6 10.a4 Nbd7 11.a5 Rc8 12.h3 Nc5 13.Be3 Nxb3 14.cxb3 Qd7 15.Kh2 Qc7
16.Re1 h5 17.b4 Qc4 18.Ra4 Qb3 19.Qxb3 Bxb3 20.Ra3 Be6 21.Nd5 Nxd5 22.exd5 Bf5
23.Rc3 Rxc3 24.bxc3 Rc8 25.Bd2 Bd3 26.g4 hxg4 27.hxg4 Bh4 28.Bf1 Bc4 29.Bxc4 Rxc4
30.Re2 Rxg4 31.f3 Rc4 32.Re4 Rxe4 33.fxe4 Bf2 34.Kg2 Ba7 35.Kf3 Kf8 36.c4 Bd4
37.Kg4 Ke7 38.b5 Bc5 39.bxa6 bxa6 40.Be1 Be3 41.Bb4 Bd4 42.Be1 g6 43.Bb4 Be3
44.Be1 Kd7 45.Bb4 Bc5  1/2-1/2

[Event "TCh-BEL 2005-6"]
[Site "Belgium BEL"]
[Date "2005.10.09"]
[Round "1"]
[White "Popovic,Pe"]
[Black "Roeder,M"]
[Result "1/2-1/2"]
[WhiteElo "2509"]
[BlackElo "2415"]

1.e4 c5 2.Nf3 d6 3.d4 cxd4 4.Nxd4 Nf6 5.Nc3 a6 6.g3 e5 7.Nde2 Nbd7 8.a4 b6
9.Bg2 Bb7 10.h3 h5 11.O-O Be7 12.Bg5  1/2-1/2

[Event "TCh-NED 2005-6"]
[Site "Netherlands NED"]
[Date "2005.10.15"]
[Round "2"]
[White "Geirnaert,S"]
[Black "Van Haastert,E"]
[Result "1-0"]
[WhiteElo "2357"]
[BlackElo "2398"]

1.e4 c5 2.Nf3 d6 3.d4 cxd4 4.Nxd4 Nf6 5.Nc3 a6 6.g3 e5 7.Nde2 Nbd7 8.Bg2 b5
9.O-O Bb7 10.h3 Rc8 11.g4 Nc5 12.Ng3 g6 13.f4 exf4 14.Bxf4 Ne6 15.Qd2 Nd7
16.Nd5 Bxd5 17.exd5 Nxf4 18.Qxf4 Ne5 19.Rae1 Kd7 20.Kh1 Rc4 21.Qe3 Qc8 22.c3 h5
23.g5 h4 24.Ne4 Bg7 25.Rxf7+ Nxf7 26.Nxd6 Qf8 27.Qe6+ Kc7 28.Nxf7 Rh5 29.d6+ Kb8
30.d7  1-0

[Event "WJun"]
[Site "Instanbul TUR"]
[Date "2005.11.09"]
[Round "1"]
[White "Khairullin,I"]
[Black "Li Chao"]
[Result "0-1"]
[WhiteElo "2537"]
[BlackElo "2320"]

1.e4 c5 2.Nf3 d6 3.d4 Nf6 4.Nc3 cxd4 5.Nxd4 a6 6.g3 e5 7.Nb3 Be7 8.Bg2 O-O
9.O-O Be6 10.Nd5 Nxd5 11.exd5 Bf5 12.f4 exf4 13.Bxf4 Bg6 14.c4 Nd7 15.Kh1 Rc8
16.Rc1 Re8 17.Qd2 Bf8 18.Rc3 h6 19.Nd4 Ne5 20.Re3  0-1

[Event "WJun"]
[Site "Instanbul TUR"]
[Date "2005.11.11"]
[Round "3"]
[White "Kuderinov,K"]
[Black "Predojevic,B"]
[Result "1-0"]
[WhiteElo "2432"]
[BlackElo "2558"]

1.e4 c5 2.Nf3 d6 3.d4 cxd4 4.Nxd4 Nf6 5.Nc3 a6 6.g3 e5 7.Nde2 b5 8.Bg2 Be7
9.Bg5 Nbd7 10.Nd5 Nxd5 11.Qxd5 Qc7 12.Bxe7 Kxe7 13.Qxa8 Nb6 14.Nc3 Qxc3+
15.bxc3 Nxa8 16.a4 bxa4 17.Rxa4 Nb6 18.Rb4 Nd7 19.Bh3 Nc5 20.Rb8 Bxh3 21.Rxh8 Bg2
22.Rg1 Bxe4 23.Kd2 h6 24.Rc8 Kd7 25.Rxc5 dxc5 26.Re1 Bd5 27.Rxe5 Kd6 28.Re1 Kc6
29.g4 Be6 30.h3 g6 31.f4 Kd5 32.Kd3 f5 33.c4+ Kd6 34.Ra1 fxg4 35.Rxa6+ Ke7
36.hxg4 Bxg4 37.Ke4 Bf5+ 38.Kd5 h5 39.Kxc5 h4 40.Kd5 h3 41.Ke5 Kd7 42.c3 Kc7
43.Ra8 Bc8 44.Ra2 Bb7 45.Rh2 Bc8 46.Kf6 Bf5 47.Kg5 Kc6 48.Kh4 Kc5 49.Rxh3 Bxh3
50.Kxh3 Kxc4 51.Kg4 Kxc3 52.Kg5 Kd4 53.Kxg6 Ke4 54.f5  1-0

[Event "5th Amplico AIG Life Places 5-8"]
[Site "Warsaw POL"]
[Date "2005.12.18"]
[Round "1"]
[White "Movsesian,S"]
[Black "Ruck,R"]
[Result "0-1"]
[WhiteElo "2635"]
[BlackElo "2535"]

1.e4 c5 2.Nf3 d6 3.d4 cxd4 4.Nxd4 Nf6 5.Nc3 a6 6.g3 e5 7.Nb3 Bg4 8.f3 Be6
9.g4 b5 10.Be3 Nbd7 11.Qd2 Nb6 12.Qf2 Na4 13.g5 Nd7 14.Nxa4 bxa4 15.Nd2 Qc7
16.c4 Rb8 17.Rb1 Be7 18.Bd3 O-O 19.b4 axb3 20.axb3 a5 21.O-O f6 22.h4 Nc5
23.Bc2 Bd7 24.Kh1 fxg5 25.hxg5 Ne6 26.Rg1 Nf4 27.Rg3 Qd8 28.Rbg1 a4 29.Qh2 axb3
30.Bxb3 Be6 31.Ba4 Rb2 32.Bc6 Bxc4 33.Bxf4 Rxf4 34.Rh3 Bxg5 35.Rxh7 Rh4 36.Qxh4 Bxh4
37.Rgxg7+ Kf8 38.Nxc4 Rb1+ 39.Kh2 Qf6 40.Bd5 Qxg7 41.Rxg7 Kxg7 42.Nxd6 Kf6
43.Nf5 Be1 44.Kh3 Kg5 45.Ne3 Kf4 46.Nc4 Rc1 47.Be6 Rc2 48.Nb6 Rc6 49.Nd5+ Kxf3
50.Bg4+ Kxe4 51.Ne7 Rc3+ 52.Kh2 Bg3+ 53.Kg2 Bh4 54.Bf5+ Kd4 55.Ng6 Bg5 56.Nf8 Bh6
57.Nd7 e4 58.Bg4 Bf4 59.Kf2 Kd3 60.Bf5 Rc2+ 61.Kf1 Bg3 62.Kg1 Bf2+ 63.Kg2 Bd4+
64.Kg3 Ke3 65.Bh7 Rc1 66.Kg2 Kf4 67.Nf8 e3 68.Bd3 Rg1+ 69.Kh2 Rd1 70.Bb5 e2
71.Bxe2 Rd2 72.Ne6+ Ke5 73.Nf4 Kxf4 74.Kh1 Kg3  0-1

[Event "Petrovskaya Ladya IM"]
[Site "Peterhof RUS"]
[Date "2006.01.03"]
[Round "1"]
[White "Lintchevski,D"]
[Black "Lupik,M"]
[Result "1-0"]
[WhiteElo "2422"]
[BlackElo "2226"]

1.e4 c5 2.Nf3 d6 3.d4 cxd4 4.Nxd4 Nf6 5.Nc3 a6 6.g3 e5 7.Nb3 Be7 8.Bg2 Be6
9.O-O O-O 10.a4 Nbd7 11.Re1 Qc7 12.Nd2 Nb6 13.a5 Nc4 14.Nxc4 Qxc4 15.Be3 Rac8
16.Re2 Rfd8 17.Na4 Qb5 18.Nb6 Rb8 19.Qe1 Nd7 20.b3 Nxb6 21.axb6 d5 22.exd5 Bg4
23.f3 Bf5 24.Ra5 Qb4 25.Bf2 f6 26.f4 Bg4 27.Re4 Qxe1+ 28.Bxe1 Bd1 29.Rc4 Be2
30.Bb4 Bxc4 31.Bxe7 Rd7 32.d6 Be6 33.fxe5 Rc8 34.c4 f5 35.Kf2 h6 36.Ke3 Kf7
37.Kd4 g6 38.Bd5 g5 39.b4 g4 40.Ra2 Rxe7 41.dxe7 Kxe7 42.Ra5 Bxd5 43.Rxd5 h5
44.Rd6 Rh8 45.Rf6 h4 46.Rxf5 hxg3 47.hxg3 Rh3 48.Rg5 Kf7 49.Rxg4  1-0

[Event "ch-Serbia"]
[Site "Vrnjacka Banja SCG"]
[Date "2006.01.30"]
[Round "1"]
[White "Vrbljanac,T"]
[Black "Marinkovic,Sl"]
[Result "0-1"]
[WhiteElo "2182"]
[BlackElo "2403"]

1.e4 c5 2.Nf3 d6 3.d4 cxd4 4.Nxd4 Nf6 5.Nc3 a6 6.g3 e5 7.Nde2 Nbd7 8.Bg2 Be7
9.O-O b5 10.a4 b4 11.Nd5 Nxd5 12.Qxd5 Rb8 13.Be3 O-O 14.Rfd1 Qc7 15.Rd2 Rd8
16.Rad1 Nf6 17.Qd3 Qa5 18.f4 Bb7 19.c4 Qxa4 20.Ba7 Ra8 21.Bb6 Rdc8 22.c5 Qc6
23.Kf1 dxc5 24.fxe5 Ng4 25.Bh3 Nxe5 26.Qd6 Bxd6 27.Rxd6 Qxe4 28.Bxc8 Qg2+
29.Ke1 Nf3+  0-1

[Event "ch-Serbia"]
[Site "Vrnjacka Banja SCG"]
[Date "2006.01.31"]
[Round "3"]
[White "Vrbljanac,T"]
[Black "Arsovic,Z"]
[Result "0-1"]
[WhiteElo "2182"]
[BlackElo "2417"]

1.e4 c5 2.Nf3 d6 3.d4 cxd4 4.Nxd4 Nf6 5.Nc3 a6 6.g3 e6 7.Bg2 Qc7 8.O-O Nc6
9.Nxc6 bxc6 10.Na4 Bb7 11.c4 c5 12.Re1 Nd7 13.b3 Be7 14.Bf4 O-O 15.Qd2 Rad8
16.Rad1 Nb8 17.Qe2 Bc6 18.Nc3 Qb7 19.Nd5 Rfe8 20.Nxe7+ Qxe7 21.Qh5 e5 22.Bg5 f6
23.Bd2 Bd7 24.Bh3 Nc6 25.Bxd7 Rxd7 26.Re3 Rb8 27.g4 Nd4 28.Kh1 a5 29.Bxa5 Ra7
30.Bc3 Rxa2 31.Bxd4 cxd4 32.Rf3 g6 33.Qh3 Kg7 34.Kg2 Re2 35.Rfd3 Qb7 36.Qf3 Qxe4
37.Qxe4 Rxe4 38.Kf3 Rf4+ 39.Kg3 Re4 40.Kf3 f5 41.h3 Rf8 42.g5 h6 43.gxh6+ Kxh6
44.Ra1 Kg5 45.Ra6 Rd8 46.Kg2 Kh5 47.b4 Re2 48.b5 Rc2 49.Rc6 e4 50.Rxd4 e3
51.Rdxd6 e2 52.Re6 Rd1 53.b6 e1=Q 54.Rxe1 Rxe1 55.c5 Ree2 56.Kf3 Re7 57.Rc8 Rc3+
58.Kg2 Rb7 59.f4 Kh6 60.Kf2 g5 61.fxg5+ Kxg5 62.Ke2 Kf4 63.h4 Rxb6 64.Kd2  0-1

[Event "ch-Serbia"]
[Site "Vrnjacka Banja SCG"]
[Date "2006.02.01"]
[Round "4"]
[White "Marinkovic,Sl"]
[Black "Vrbljanac,A"]
[Result "1-0"]
[WhiteElo "2403"]
[BlackElo "2270"]

1.e4 c5 2.Nf3 d6 3.d4 cxd4 4.Nxd4 Nf6 5.Nc3 a6 6.g3 e5 7.Nb3 Nbd7 8.a4 b6
9.Bg2 Bb7 10.O-O Be7 11.Re1 O-O 12.Nd2 Rc8 13.Nf1 Nc5 14.Bg5 Ne6 15.Bxf6 Bxf6
16.Ne3 Nd4 17.Ncd5 Bxd5 18.exd5 Bg5 19.c3 Bxe3 20.fxe3 Nf5 21.Bh3 Qg5 22.Qg4 Qxg4
23.Bxg4 g6 24.e4 Rc4 25.b3 Rxc3 26.exf5 Rxb3 27.Rab1 Rxb1 28.Rxb1 Rb8 29.f6 b5
30.Be2  1-0

[Event "ch-Serbia"]
[Site "Vrnjacka Banja SCG"]
[Date "2006.02.02"]
[Round "5"]
[White "Vrbljanac,T"]
[Black "Irizanin,R"]
[Result "0-1"]
[WhiteElo "2182"]
[BlackElo "2260"]

1.e4 c5 2.Nf3 d6 3.d4 cxd4 4.Nxd4 Nf6 5.Nc3 a6 6.g3 e6 7.Bg2 Be7 8.O-O Qc7
9.a4 Nc6 10.Nb3 b6 11.Be3 O-O 12.a5 bxa5 13.Ra4 Nd7 14.Qa1 Rb8 15.Nxa5 Nxa5
16.Rxa5 Rxb2 17.Bd4 Bf6 18.Nd5 exd5 19.Bxb2 Bxb2 20.Qa2 dxe4 21.Bxe4 Nf6
22.Bf3 Be6 23.Qa4 Bc4 24.Rb1 Bb5 25.Qa2 Bc3 26.Ra3 Bc4 27.Rb7 Qxb7 28.Bxb7 Bxa2  0-1

[Event "Festival de Meurthe-et-Moselle A"]
[Site "Nancy FRA"]
[Date "2006.02.23"]
[Round "5"]
[White "Nezar,M"]
[Black "Brunner,N"]
[Result "1/2-1/2"]
[WhiteElo "2394"]
[BlackElo "2395"]

1.e4 c5 2.Nf3 d6 3.d4 cxd4 4.Nxd4 Nf6 5.Nc3 a6 6.g3 e5 7.Nde2 b5 8.Bg2 Bb7
9.a4 b4 10.Nd5 Nxd5 11.exd5 a5 12.O-O Be7 13.Be3 Nd7 14.Qd2 O-O 15.c3 bxc3
16.Nxc3 Ba6 17.Rfc1 Rb8 18.Bf1 Bxf1 19.Kxf1 f5 20.Nb5 Rb7 21.Rc6 Nf6 22.Kg1 Ng4
23.f3 Nxe3 24.Qxe3 h5  1/2-1/2

[Event "70th ch-BUL"]
[Site "Svilengrad BUL"]
[Date "2006.03.02"]
[Round "3"]
[White "Janev,E"]
[Black "Grigorov,G"]
[Result "0-1"]
[WhiteElo "2494"]
[BlackElo "2405"]

1.e4 c5 2.Nf3 d6 3.d4 Nf6 4.Nc3 cxd4 5.Nxd4 a6 6.g3 e5 7.Nde2 Nbd7 8.Bg2 b5
9.a3 Bb7 10.h3 Be7 11.g4 Nc5 12.Ng3 g6 13.Be3 Ne6 14.Qd2 O-O 15.O-O Nd7 16.Nd5 Bg5
17.Rad1 Bxd5 18.exd5 Nf4 19.Ne4 f5 20.Nxg5 Qxg5 21.f3 h5 22.Rde1 fxg4 23.fxg4 hxg4
24.hxg4 Qxg4 25.Bxf4 Rxf4 26.Rxf4 exf4 27.Qc3 Ne5 28.Rxe5 dxe5 29.Kf1 Rc8
30.Qd3 Rc4 31.Bh3 Qg3 32.Qxg3 fxg3 33.c3 Rf4+ 34.Kg2 Rf2+ 35.Kxg3 Rxb2 36.Kf3 Kg7
37.Ke4 Kf6 38.Bc8 a5 39.Ba6 g5 40.Bc8 Rb3 41.a4 Rxc3  0-1

[Event "III GM-Tage"]
[Site "Pulvermuehle GER"]
[Date "2006.03.05"]
[Round "9"]
[White "Atlas,V"]
[Black "Baramidze,D"]
[Result "1/2-1/2"]
[WhiteElo "2480"]
[BlackElo "2554"]

1.e4 c5 2.Nf3 d6 3.d4 cxd4 4.Nxd4 Nf6 5.Nc3 a6 6.g3 e5 7.Nb3 Be7 8.Bg2 O-O
9.O-O Be6 10.Nd5 Nbd7 11.c4 Rc8 12.Qd3 Nb6 13.Na5 Nbxd5 14.exd5 Bg4 15.b4 Qd7
16.Be3 Bd8 17.Nb3 Bf5 18.Qe2 Qa4 19.Bd2 b6 20.Rfc1 Nd7 21.h4 h6 22.Bc3 a5
23.bxa5 bxa5 24.Qd2 Rxc4 25.Bxa5 Rxc1+  1/2-1/2

[Event "FIDE WCh Women KO"]
[Site "Ekaterinburg RUS"]
[Date "2006.03.14"]
[Round "2.4"]
[White "Lujan,C"]
[Black "Galliamova,A"]
[Result "0-1"]
[WhiteElo "2346"]
[BlackElo "2467"]

1.e4 c5 2.Nf3 d6 3.d4 cxd4 4.Nxd4 Nf6 5.Nc3 a6 6.g3 e5 7.Nde2 Nbd7 8.Bg2 b5
9.h3 Be7 10.O-O O-O 11.g4 Nb6 12.Ng3 b4 13.Nd5 Nfxd5 14.exd5 a5 15.a3 bxa3
16.Rxa3 Bg5 17.f4 exf4 18.Bxf4 Nc4 19.Bxg5 Qxg5 20.Rc3 Ne5 21.Ne4 Qe7 22.g5 Ng6
23.Rg3 Rb8 24.b3 Rb4 25.c4 a4 26.Qe1 Rxb3 27.Rxb3 axb3 28.h4 Qe5 29.Qf2 Bg4
30.Re1 b2 31.c5 dxc5 32.Nxc5 Qf5 33.Qxb2 Nxh4 34.Re5 Nf3+ 35.Bxf3 Qxf3 36.Qf2 Qxf2+
37.Kxf2 f6 38.gxf6 Rxf6+ 39.Kg3 h5 40.Ne4 Rf8 41.Kh4 Kh7 42.Re7 Kg6 43.d6 Rd8
44.Kg3 Bf5 45.Kf4 Bxe4 46.d7 Bf5  0-1

[Event "VII Dos Hermanas Internet"]
[Site "ICC INT"]
[Date "2006.03.24"]
[Round "2.2"]
[White "Zhang Pengxiang"]
[Black "Jobava,Ba"]
[Result "1-0"]
[WhiteElo "2638"]
[BlackElo "2614"]

1.e4 c5 2.Nf3 d6 3.d4 cxd4 4.Nxd4 Nf6 5.Nc3 a6 6.g3 g6 7.Bg2 Bg7 8.O-O O-O
9.h3 Bd7 10.Be3 Nc6 11.Qd2 Rc8 12.Rad1 Qc7 13.Nxc6 Bxc6 14.Bh6 Bxh6 15.Qxh6 b5
16.a3 a5 17.Rd2 b4 18.axb4 axb4 19.Nd5 Bxd5 20.exd5 Qb6 21.Re1 Rc7 22.Rde2 Qb7
23.Qd2 Rfc8 24.h4 Rxc2 25.Qxc2 Rxc2 26.Rxc2 Nxd5 27.Rd2 e6 28.Bxd5 exd5 29.Red1 Qc6
30.Rxd5 Qc2 31.R1d2 Qc1+ 32.Kg2 h5 33.Rxd6 b3 34.R6d3 Qc6+ 35.Kg1 Qc1+ 36.Kh2 Kg7
37.Re2 Qc4 38.Red2 Qc1 39.Kg2 Qc6+ 40.Kf1 Qc1+ 41.Ke2 Qc4 42.Ke3 Qc5+ 43.Kf3 Qc6+
44.Ke2 Qc4 45.Kd1 Qg4+ 46.Kc1 Qc4+ 47.Kd1 Qg4+ 48.Ke1 Qe4+ 49.Re3 Qc4 50.Red3 Qe4+
51.Kf1 Qh1+ 52.Ke2 Qe4+ 53.Re3 Qc4+ 54.Kf3 Qc6+ 55.Ke2 Qc4+ 56.Rdd3 Qc2+
57.Kf3 Qc6+ 58.Ke2 Qc2+ 59.Kf1 Qxb2 60.Rxb3 Qc1+ 61.Kg2 Qc6+ 62.Kh2 Qc2 63.Rf3 Qd1
64.Rbd3 Qe2 65.Rde3 Qd1 66.Kg2 Qd5 67.Re7 Kh6 68.Rxf7 Qc6 69.Kh2 Qd5 70.Rf8 Qd4
71.R3f7 Qb2 72.Re8  1-0

[Event "ch-ARG s/f"]
[Site "Buenos Aires ARG"]
[Date "2006.03.26"]
[Round "7"]
[White "Needleman,A"]
[Black "Fusco,L"]
[Result "1-0"]
[WhiteElo "2371"]
[BlackElo "2269"]

1.e4 c5 2.Nf3 d6 3.d4 cxd4 4.Nxd4 Nf6 5.Nc3 a6 6.g3 e5 7.Nb3 Be7 8.Bg2 O-O
9.O-O Be6 10.Bg5 Nbd7 11.Bxf6 Nxf6 12.Re1 b5 13.Nd2 Rc8 14.Nf1 b4 15.Nd5 Nxd5
16.exd5 Bd7 17.a3 Qb6 18.axb4 Qxb4 19.b3 a5 20.Re4 Qc3 21.Ne3 Bb5 22.Nf5 Rfe8
23.Bf1 Bxf1 24.Kxf1 Qxc2 25.Qxc2 Rxc2 26.b4 Bd8 27.Nxd6 Re7 28.bxa5 Rc5 29.a6 Rxd5
30.Nc8 Rc7 31.Nb6 Rb5 32.a7 Rxa7 33.Rxa7 Rxb6 34.Rxe5  1-0

[Event "TCh-FRA Top 16 Gp A"]
[Site "Montpellier FRA"]
[Date "2006.03.31"]
[Round "5"]
[White "Edouard,R"]
[Black "Lepan,M"]
[Result "1/2-1/2"]
[WhiteElo "2365"]
[BlackElo "2201"]

1.e4 c5 2.Nf3 d6 3.d4 cxd4 4.Nxd4 Nf6 5.Nc3 a6 6.g3 e6 7.Bg2 Be7 8.O-O Qc7
9.Re1 O-O 10.Qe2 Bd7 11.Be3 Nc6 12.Rad1 b5 13.a3 Rfc8 14.Nb3 Rab8 15.g4 b4
16.axb4 Nxb4 17.g5 Ne8 18.Ra1 Bc6 19.f4 Bf8 20.f5 exf5 21.exf5 Bxg2 22.Qxg2 Qb7
23.Qxb7 Rxb7 24.Nd4 d5 25.Bf2 Nd6 26.Re2 Nc6 27.Nxc6 Rxc6 28.f6 d4 29.Nd5 Nf5
30.Re5 g6 31.Rae1 Re6 32.Nf4 Rxe5 33.Rxe5 Rb5 34.Rxb5 axb5 35.Kg2 h6 36.h4 Bd6
37.Kf3 hxg5 38.hxg5 Kf8 39.Nd3 Ke8 40.Ke4 Kd7 41.Bxd4 Nxd4 42.Kxd4 Ke6 43.Ke4 Bc7
44.Ne1 Be5 45.c3 b4 46.cxb4 Bxb2 47.Nd3 Bc3 48.b5 Kd6 49.b6 Kc6 50.Ne5+ Kxb6
51.Nxf7 Kc6 52.Ne5+ Kd6 53.Nxg6 Bxf6  1/2-1/2

[Event "43rd ch-IND"]
[Site "Visakhapatnam IND"]
[Date "2006.04.06"]
[Round "6"]
[White "Ganguly,S"]
[Black "Arun Prasad,S"]
[Result "1-0"]
[WhiteElo "2579"]
[BlackElo "2384"]

1.e4 c5 2.Nf3 d6 3.d4 cxd4 4.Nxd4 Nf6 5.Nc3 a6 6.g3 e5 7.Nb3 Nbd7 8.Bg2 b5
9.O-O Bb7 10.a4 b4 11.Nd5 Nxd5 12.exd5 a5 13.Bd2 Be7 14.c3 bxc3 15.Bxc3 Qb6
16.Ra3 O-O 17.Nxa5 Rxa5 18.Rb3 Qa6 19.Bxa5 Nc5 20.Rb5 Bc8 21.Bb4 Bd7 22.Bxc5 dxc5
23.Rb3 Bxa4 24.Qa1 c4 25.Re3 Qb5 26.Rxe5 Bf6 27.f4 Bxe5 28.fxe5 Bb3 29.e6 Qb6+
30.Kh1 fxe6 31.Rxf8+ Kxf8 32.Qa8+ Ke7 33.Qg8 Qd4 34.Qxe6+ Kd8 35.Qd6+ Ke8
36.Qe6+ Kd8 37.Qd6+ Ke8 38.Qb8+ Kd7 39.Bh3+ Ke7 40.Qc7+ Kf6 41.Qd6+ Kg5 42.Qf4+ Qxf4
43.gxf4+ Kxf4 44.d6 Ba4 45.d7 Bxd7 46.Bxd7 Ke3 47.Kg2 Kd2 48.Kf3 Kc1 49.Be6 Kxb2
50.Bxc4 Kc3 51.Bg8 h6 52.Ke4 g5 53.h3 h5 54.Be6 Kb4 55.Bg4 h4 56.Kd5 Kb5
57.Bd7+ Kb6 58.Kd6 Kb7 59.Bf5 Kb6 60.Be6 Kb7 61.Bd7 Kb6 62.Bc6 Ka5 63.Kc5 Ka6
64.Bd5 Ka5 65.Bc4 Ka4 66.Be2 Kb3 67.Bb5 Kc3 68.Bc4 Kd2 69.Kd4 Kc2 70.Be6 Kb2
71.Ke5 Kc3 72.Kf5 Kd4 73.Kxg5 Ke5 74.Bb3  1-0

[Event "7th ch-Euro w"]
[Site "Kusadasi TUR"]
[Date "2006.04.13"]
[Round "9"]
[White "Makka,I"]
[Black "Makropoulou,M"]
[Result "0-1"]
[WhiteElo "2198"]
[BlackElo "2284"]

1.e4 c5 2.Nf3 d6 3.d4 cxd4 4.Nxd4 Nf6 5.Nc3 a6 6.g3 e5 7.Nb3 Be7 8.Bg2 Nbd7
9.a4 b6 10.O-O Bb7 11.Re1 O-O 12.Nd2 Rc8 13.Nf1 Nc5 14.Bg5 Re8 15.Bxf6 Bxf6
16.Ne3 g6 17.Nc4 Be7 18.b3 Ne6 19.Nd5 Bxd5 20.exd5 Ng7 21.Qd2 Qc7 22.Re2 f5
23.Qb4 Rb8 24.a5 b5 25.Nb6 e4 26.c4 Bf6 27.Rd1 bxc4 28.bxc4 Red8 29.Rc2 Qc5
30.Qxc5 dxc5 31.Kf1 Ne6 32.Rb1 Nd4 33.Ra2 Kf7 34.Ke1 Be5 35.h3 h5 36.Kf1 Kg7
37.Re1 Kf6 38.Re3 Bc7 39.Rb2 Rd6 40.Ra3 Bxb6 41.axb6 Rdxb6 42.Rxb6+ Rxb6
43.f3 Rb1+ 44.Kf2 Rb2+ 45.Kg1 Ne2+ 46.Kh2 h4 47.Rxa6+ Ke5 48.f4+ Kd4 49.gxh4 Nxf4
50.Kg3 Ke5 51.h5 Rxg2+  0-1

[Event "43rd ch-IND"]
[Site "Visakhapatnam IND"]
[Date "2006.04.13"]
[Round "15"]
[White "Ramesh,R"]
[Black "Arun Prasad,S"]
[Result "1/2-1/2"]
[WhiteElo "2491"]
[BlackElo "2384"]

1.e4 c5 2.Nf3 d6 3.d4 cxd4 4.Nxd4 Nf6 5.Nc3 a6 6.g3 e5 7.Nb3 Be6 8.Bg2 Nbd7
9.O-O Be7 10.a4 O-O 11.a5 b5 12.axb6 Nxb6 13.Na5 Qc8 14.Nd5 Bd8 15.Nxf6+ Bxf6
16.Qxd6 Nc4 17.Nxc4 Qxc4 18.c3 Rfd8 19.Qa3 a5 20.Be3 Rdb8 21.Rfb1 a4 22.b4 Be7
23.Qb2 Rc8 24.Ra3 Qc6 25.Rc1 Bb3 26.Rxb3 axb3 27.Qxb3 Rab8 28.h4 h6 29.Qb1 Qa4
30.Qb2 Qc6 31.Bf3 Bc5 32.Bxc5 Qxc5 33.Rd1 Qc4 34.h5 Rc7 35.Rd5 Qxc3 36.Qxc3 Rxc3
37.Bg4 Rb3 38.Rxe5 R3xb4 39.Bf5  1/2-1/2

[Event "SAP IM"]
[Site "Walldorf GER"]
[Date "2006.04.13"]
[Round "1"]
[White "Galdunts,S"]
[Black "Zuse,KP"]
[Result "1/2-1/2"]
[WhiteElo "2494"]
[BlackElo "2298"]

1.e4 c5 2.Nf3 d6 3.d4 cxd4 4.Nxd4 Nf6 5.Nc3 a6 6.g3 e5 7.Nde2 Nbd7 8.Bg2 Be7
9.h3 b5 10.O-O Bb7 11.g4 O-O 12.Ng3 Rc8 13.g5 Ne8 14.h4 g6 15.Be3 Rc4 16.Re1 Qa8
17.a4 b4 18.Bf1 Rc7 19.Nd5 Bxd5 20.exd5 f5 21.gxf6 Ndxf6 22.h5 Nxh5 23.Nxh5 gxh5
24.Bb6 Rb7 25.a5  1/2-1/2

[Event "TCh-NED 2005-6"]
[Site "Netherlands NED"]
[Date "2006.04.23"]
[Round "9"]
[White "Rietman,F"]
[Black "Bosboom,M"]
[Result "1-0"]
[WhiteElo "2175"]
[BlackElo "2402"]

1.e4 c5 2.Nf3 d6 3.d4 cxd4 4.Nxd4 Nf6 5.Nc3 a6 6.g3 e6 7.Bg2 Bd7 8.O-O Nc6
9.Nb3 b5 10.a4 b4 11.Ne2 e5 12.h3 h5 13.Bg5 Be6 14.Qd3 Be7 15.Rfd1 Qc8 16.Bxf6 Bxf6
17.Kh2 h4 18.g4 Ne7 19.Nd2 O-O 20.b3 Qc5 21.Kg1 Rfd8 22.c4 bxc3 23.Nxc3 Ng6
24.Nd5 Bxd5 25.exd5 Nf4 26.Qe3 Qb4 27.Ne4 Rab8 28.Bf1 Qa5 29.Bc4 Rd7 30.Kh2 Bd8
31.Qe1 Rb4 32.Qf1 Bb6 33.Ra2 Bd4 34.Qe1 Rd8 35.Ng5 g6 36.Nf3 Qb6 37.Nxd4 exd4
38.Qe4 Rxc4 39.bxc4 Qb3 40.Qxf4 Qxd1 41.Rd2 Qxa4 42.Rxd4 Re8 43.Qf6 Qa1 44.g5 a5
45.Re4  1-0

[Event "XIII TCh-RUS"]
[Site "Sochi RUS"]
[Date "2006.04.28"]
[Round "9"]
[White "Rublevsky,S"]
[Black "Volokitin,And"]
[Result "0-1"]
[WhiteElo "2687"]
[BlackElo "2660"]

1.e4 c5 2.Nf3 d6 3.d4 cxd4 4.Nxd4 Nf6 5.Nc3 a6 6.g3 e6 7.Bg2 Qc7 8.O-O Be7
9.g4 h6 10.f4 Nc6 11.Nxc6 bxc6 12.e5 dxe5 13.fxe5 Nd7 14.Bf4 Bb7 15.Qf3 Rb8
16.Qh3 Bc5+ 17.Kh1 Bd4 18.Ne4 Bxe5 19.Bxe5 Nxe5 20.Rad1 O-O 21.g5 c5 22.gxh6 Bxe4
23.Bxe4 g6 24.Qg3 Rb4 25.Rde1 f5 26.Bf3 f4 27.Qg2 Rf6 28.Be4 Rb8 29.Rf2 Rbf8
30.Qg5 Kh8 31.b3 Qd6 32.c3 Kh7 33.Ref1 Rf5 34.Qg2 f3 35.Qg3 Rf4 36.Rxf3 Rxf3
37.Bxf3 Qd3 38.Kg2 Qxf1+ 39.Kxf1 Rxf3+  0-1

[Event "4th TCh-SCG"]
[Site "Vrnjacka Banja SCG"]
[Date "2006.05.01"]
[Round "1"]
[White "Popovic,Pe"]
[Black "Aleksic,Nen2"]
[Result "1-0"]
[WhiteElo "2501"]
[BlackElo "2275"]

1.e4 c5 2.Nf3 d6 3.d4 cxd4 4.Nxd4 Nf6 5.Nc3 a6 6.g3 Nc6 7.Bg2 Bg4 8.Nde2 Bd7
9.Nd5 e6 10.Nxf6+ Qxf6 11.O-O Qd8 12.b3 Be7 13.Ba3 Qc7 14.Qd2 Rd8 15.Rfd1 Bc8
16.c4 O-O 17.Rac1 Qb8 18.Qe3 b5 19.cxb5 Qxb5 20.Nc3 Qa5 21.Na4 d5 22.Bxe7 Nxe7
23.Qb6 Qxb6 24.Nxb6 dxe4 25.Bxe4 f5 26.Rxd8 Rxd8 27.Nxc8 Nxc8 28.Bb7 Ne7
29.Bxa6 Rd2 30.a4 Nd5 31.Bc4 f4 32.Ra1  1-0

[Event "1st Open"]
[Site "Sofia BUL"]
[Date "2006.05.12"]
[Round "3"]
[White "Janev,E"]
[Black "Irizanin,R"]
[Result "0-1"]
[WhiteElo "2495"]
[BlackElo "2263"]

1.e4 c5 2.Nf3 d6 3.d4 cxd4 4.Nxd4 Nf6 5.Nc3 a6 6.g3 e6 7.Bg2 Be7 8.O-O Qc7
9.g4 Nc6 10.g5 Nd7 11.Be3 Nde5 12.Nxc6 bxc6 13.Qe2 a5 14.Rfe1 Ba6 15.Qd1 h6
16.gxh6 g5 17.Qh5 O-O-O 18.f4 gxf4 19.Bxf4 Rdg8 20.Re3 Ng4 21.Qxf7 Kd8 22.Rg3 Rf8
23.Qxf8+ Rxf8 24.Rxg4 Qb6+ 25.Kh1 Qxb2 26.Rg1 Qxc3 27.h7 Qh8 28.Bh6 Qxh7
29.Bxf8 Bxf8 30.Rb1 Kc7 31.Rg5 d5 32.h3 Qh6 33.Rg8 Bd6 34.Ra8 Bb5 35.a4 Qf4  0-1